000 00288nam a2200109Ia 4500
008 200302s9999 xx 000 0 und d
100 _aJanet Marinelli
245 _aThe Naturally Elegant Home Environmental Style
260 _bLittle Brown and Co. Ltd.
260 _c1992
300 _a224 P.,
999 _c2394
_d2394